[Event "Warsaw YMCA Spring 152nd"]
[Site "Warsaw"]
[Date "2015.05.19"]
[Round "7"]
[White "Orszulak, Wojciech"]
[Black "Budrewicz, Henryk"]
[Result "1/2-1/2"]
[WhiteElo "1631"]
[BlackElo "1536"]
[PlyCount "81"]
[EventDate "2015.04.09"]
[EventType "tourn"]
[EventRounds "13"]
[EventCountry "POL"]
[SourceTitle "EXT 2017"]
[Source "ChessBase"]
[SourceDate "2016.10.25"]
[SourceVersion "1"]
[SourceVersionDate "2016.10.25"]
[SourceQuality "1"]

1. d4 e6 2. c4 b6 3. e4 Bb7 4. Nc3 Bb4 5. f3 Ne7 6. a3 Bxc3+ 7. bxc3 0-0 8. Bd3 f5 9. Bg5 h6 10. Bh4 d6 11. Qc2 g5 12. Bg3 Qe8 13. Ne2 f4 14. Bf2 e5 15. 0-0-0 Bc6 16. Qb2 Bd7 17. Bc2 Na6 18. Rd2 Nc6 19. Rhd1 Rd8 20. Ba4 Nab8 21. c5 Na5 22. Bxd7 Nxd7 23. Qa2+ Qf7 24. Qxf7+ Rxf7 25. dxe5 dxe5 26. Rd5 Re7 27. Kc2 Kf7 28. Nc1 Ke6 29. Nd3 Nc6 30. Nb4 Nxb4+ 31. cxb4 Rb8 32. Kc3 Nf6 33. R5d2 Rd7 34. Rxd7 Nxd7 35. c6 Nf6 36. a4 a6 37. Kc4 h5 38. b5 a5 39. h3 Rg8 40. Kc3 h4 41. Kc4 1/2-1/2

[Event "Warsaw YMCA Spring 152nd"]
[Site "Warsaw"]
[Date "2015.04.14"]
[Round "2"]
[White "Markiewicz, Michal"]
[Black "Orszulak, Wojciech"]
[Result "1/2-1/2"]
[WhiteElo "1554"]
[BlackElo "1631"]
[PlyCount "131"]
[EventDate "2015.04.09"]
[EventType "tourn"]
[EventRounds "13"]
[EventCountry "POL"]
[SourceTitle "EXT 2017"]
[Source "ChessBase"]
[SourceDate "2016.10.25"]
[SourceVersion "1"]
[SourceVersionDate "2016.10.25"]
[SourceQuality "1"]

1. d4 e6 2. c4 d5 3. g3 c6 4. Nf3 f5 5. Bg2 Nf6 6. 0-0 Be7 7. Bf4 0-0 8. Nbd2 Ne4 9. Nxe4 fxe4 10. Ne5 g5 11. Bd2 Nd7 12. Bh3 Nxe5 13. dxe5 Qb6 14. Bc3 e3 15. Bd4 exf2+ 16. Rxf2 c5 17. Rxf8+ Kxf8 18. Bc3 d4 19. Bd2 Qc7 20. Qc2 Kg7 21. Qe4 Bd7 22. Rf1 Be8 23. Qg4 Qxe5 24. Qxe6 Qxe6 25. Bxe6 Bg6 26. Bd5 Rb8 27. Rf3 b5 28. Ra3 h6 29. Rxa7 Kf6 30. Ra6+ Kg7 31. cxb5 Rxb5 32. b3 Bf7 33. Bxf7 Kxf7 34. Rxh6 Bf6 35. h4 gxh4 36. gxh4 Rb8 37. Rh7+ Ke6 38. Kf2 Ra8 39. a4 Rb8 40. a5 Rxb3 41. a6 Be7 42. h5 Ra3 43. Rh6+ Kf7 44. Rc6 Ra2 45. h6 Rxd2 46. h7 Kg7 47. Rc7 Kxh7 48. Rxe7+ Kg6 49. a7 Ra2 50. Rc7 Kf5 51. Rxc5+ Ke4 52. Rc7 d3 53. Re7+ Kf4 54. Rf7+ Ke4 55. Re7+ Kf4 56. a8Q Rxa8 57. exd3 Ra2+ 58. Ke1 Ra3 59. Kd2 Kf5 60. d4 Kf6 61. Re8 Kf7 62. Re1 Kf6 63. Kc2 Rh3 64. d5 Kf7 65. d6 Rh8 66. Kc3 1/2-1/2